000 00599 a2200217 4500
005 20260401111944.0
008 260319b |||||||| |||| 00| 0 eng d
020 _a9789819604159
_cRs. 1895.00
040 _aMAIN
082 _a320.01
_bB.395G
100 _aBehera, Anshuman, ed.
245 _aGandhi in the twenty first century: Ideas and relevance
250 _a
260 _bSpringer Nature
_c2025
_aSingapore
300 _axii, 217
650 _aPolitical Science
650 _aPolitical Philosophy
650 _aPolitical Thoughts
700 _aNayak, Shailesh, ed.
942 _cBK
999 _c395738
_d395738